[Event "Buenos Aires op"]
[Site "Buenos Aires"]
[Date "2011.11.24"]
[Round "6"]
[White "Prandato, Alejandro Marino"]
[Black "Saitta, Jorge"]
[Result "1-0"]
[WhiteElo "1997"]
[BlackElo "1820"]
[PlyCount "85"]
[EventDate "2011.11.11"]
[EventType "swiss"]
[EventRounds "9"]
[EventCountry "ARG"]
[SourceTitle "CBM 145 Extra"]
[Source "ChessBase"]
[SourceDate "2012.01.03"]
[SourceVersion "1"]
[SourceVersionDate "2012.01.03"]
[SourceQuality "1"]

1. e4 c5 2. Nc3 e6 3. f4 d5 4. e5 Nc6 5. Nf3 g6 6. Be2 Bg7 7. 0-0 Nge7 8. Nb5 0-0 9. Nd6 a6 10. c3 c4 11. b3 b5 12. a4 Na5 13. bxc4 bxc4 14. Nd4 Rb8 15. Ba3 Bd7 16. Bb4 Nec6 17. Nxc6 Nxc6 18. Ba3 Na5 19. d3 Qc7 20. dxc4 dxc4 21. Nxc4 Nxc4 22. Bxf8 Bxf8 23. Bxc4 Qxc4 24. Qxd7 Qxc3 25. Rac1 Qe3+ 26. Kh1 Rb2 27. Qd1 Qe4 28. Rf3 Ra2 29. Ra1 Rb2 30. Qd3 Qb7 31. h3 h5 32. Rg3 Kh7 33. Rf1 Bh6 34. Rgf3 Bxf4 35. h4 Kg7 36. Qc3 Kg8 37. Qd4 Bh6 38. Qd8+ Bf8 39. Qg5 Be7 40. Qg3 Qe4 41. Rxf7 Bxh4 42. Rf8+ Kg7 43. R1f7+ 1-0